| 000 | 00709nam a2200277 4500 | ||
|---|---|---|---|
| 001 | BS2023000207 | ||
| 003 | BR-BrBNA | ||
| 005 | 20230928134551.0 | ||
| 008 | 230912b2011 bl.||||| |||| 00| 0 por d | ||
| 020 | _a978-85-61041-68-7 | ||
| 040 |
_aBR-BrBNA _bpor. |
||
| 041 | _apor. | ||
| 072 | _aB60 | ||
| 100 |
_4aut. _aLustosa, Isabel |
||
| 100 |
_4coord. _aSchwarcz, Lília Moritz |
||
| 100 | _aGarcia, Lúcia | ||
| 245 |
_aDe olho em Lampião: _bviolência e esperteza / |
||
| 260 |
_aSão Paulo - SP : _bClaroenigma, _c2011 |
||
| 300 | _a109 p. | ||
| 650 | _aBIOGRAFIA | ||
| 650 | _aLAMPIÃO | ||
| 650 | _aCANGAÇO | ||
| 909 |
_a201209 _bMaria Neves |
||
| 942 | _cBK | ||
| 999 |
_c9978 _d9978 |
||